Solidaridad y convivencia / (Record no. 178175)

MARC details
000 -LEADER
campo de control de longitud fija 01058nam a2200253 i 4500
001 - NÚMERO DE CONTROL
campo de control 178175
003 - IDENTIFICADOR DE NÚMERO DE CONTROL
campo de control ES-MaACL
005 - FECHA Y HORA DE LA ÚLTIMA TRANSACCIÓN
campo de control 20250803083921.0
008 - DATOS DE LONGITUD FIJA--INFORMACIÓN GENERAL
campo de control de longitud fija 110520s1992 sp |||| | spa d
020 ## - NÚMERO INTERNACIONAL ESTÁNDAR DEL LIBRO
Número Internacional Estándar del Libro 84-88168-01-2
080 ## - NÚMERO DE LA CLASIFICACIÓN DECIMAL UNIVERSAL
Número de la Clasificación Decimal Universal 304(460.27 )
080 ## - NÚMERO DE LA CLASIFICACIÓN DECIMAL UNIVERSAL
Número de la Clasificación Decimal Universal 316.344.7(460.27)
245 00 - MENCIÓN DEL TÍTULO
Título Solidaridad y convivencia /
Mención de responsabilidad, etc. Jaime Ruiz ... [et al.].
260 ## - PUBLICACIÓN, DISTRIBUCIÓN, ETC.
Lugar de publicación, distribución, etc. Madrid :
Nombre del editor, distribuidor, etc. Fundación de Estudios Municipales y Territoriales,
Fecha de publicación, distribución, etc. [1992]
300 ## - DESCRIPCIÓN FÍSICA
Extensión 112 páginas ;
Dimensiones 22 cm
505 0# - NOTA DE CONTENIDO CON FORMATO
Nota de contenido con formato Desigualdad, pobreza y marginación en Madrid. Racismo y xenofobia. Narcotraficantes, camellos y drogodependientes
650 #7 - PUNTO DE ACCESO ADICIONAL DE MATERIA--TÉRMINO DE MATERIA
Término de materia o nombre geográfico como elemento de entrada Problemas sociales-
Subdivisión geográfica Madrid (Comunidad Autónoma)
9 (RLIN) 146644
650 #4 - PUNTO DE ACCESO ADICIONAL DE MATERIA--TÉRMINO DE MATERIA
Término de materia o nombre geográfico como elemento de entrada Racismo-
Subdivisión geográfica España
9 (RLIN) 16651
700 1# - ENTRADA AGREGADA--NOMBRE PERSONAL
Nombre de persona Ruiz Reig, Jaime,
Fechas asociadas al nombre 1949-
Término indicativo de función/relación Autor
9 (RLIN) 100904
710 2# - ENTRADA AGREGADA--NOMBRE DE ENTIDAD CORPORATIVA
Nombre de entidad corporativa o nombre de jurisdicción como elemento de entrada Fundación de Estudios Municipales y Territoriales
Término indicativo de función/relación Editor
9 (RLIN) 146645
852 ## - LOCALIZACIÓN
Ubicación ES-MaACL
Sublocalización o colección R.145516
Ubicación en estantería Depósito 1
Signatura antigua Olim: N-4221
Donativo/Legado Donación Fundación de Estudios Municipales y Territoriales
Número de control de estantería A-11217
itemnumber 185034
942 ## - ELEMENTOS DE ENTRADA SECUNDARIOS (KOHA)
Fuente del sistema de clasificación o colocación Clasificación decimal universal
Tipo de ítem Koha Libro impreso
Suprimir en OPAC No
Holdings
Estatus retirado Estado de pérdida Fuente del sistema de clasificación o colocación Estado de daño No para préstamo Biblioteca de origen Biblioteca actual Ubicación en estantería Fecha de adquisición Fuente de adquisición Número de control de estantería Total de préstamos Signatura topográfica completa Código de barras Visto por última vez Tipo de ítem Koha
    Clasificación decimal universal     Biblioteca del Ateneo de Madrid Biblioteca del Ateneo de Madrid Depósito 1 20/05/2011 Donación 1   A-11217 1187169 23/02/2023 Libro impreso